Tandil /
Guardado en:
| Autor Corporativo: | |
|---|---|
| Formato: | Libro |
| Idioma: | Spanish |
| Publicado: |
Tandil :
Universidad nacional del Centro,
1982.
|
| Series: | Estudios regionales, 1
|
| Etiquetas: |
Agregar Etiqueta
Sin Etiquetas, Sea el primero en etiquetar este registro!
|
| LEADER | 00709nam a22001575a 4500 | ||
|---|---|---|---|
| 001 | EUN.um054191 | ||
| 003 | AR-BaUNS | ||
| 005 | 20050623122919.0 | ||
| 008 | 041125s1982####ag#a##########000#0#spa#d | ||
| 245 | 1 | 0 | |a Tandil / |c Universidad nacional del Centro. Secretaría académica. Dirección de extensión universitaria. Departamento de publicaciones. |
| 260 | |a Tandil : |b Universidad nacional del Centro, |c 1982. | ||
| 300 | |a 139 p. : |b ilus. ; |c 20,5 cm. . | ||
| 490 | 0 | |a Estudios regionales, 1 | |
| 082 | 0 | 4 | |a 982.1 |
| 110 | 2 | |a Universidad nacional del Centro. Secretaría académica. Dirección de extensión universitaria. Departamento de publicaciones |c Tandil. | |
| 859 | |a Ar-BaUNS |b BIB. CENTRAL - Sector C |h 982.1 |i T154-1 |p 90205/983 | ||
